La educación en este momento crucial

Bewaard in:
Bibliografische gegevens
Hoofdauteur: Maritain, Jacques (autor)
Formaat: Boek
Taal:Spaans
Gepubliceerd in: Buenos Aires Desclée de Brouwer 1965
Onderwerpen:
Tags: Voeg label toe
Geen labels, Wees de eerste die dit record labelt!

MARC

LEADER 00000nam a2200000 a 4500
001 UCZ0438
003 CL-VaPUC
008 950728e19650000AG |||||||||||||||||spa|d
082 0 4 |a 370.1  |b MAR  |2 21 
100 |a Maritain, Jacques  |e autor  |9 255680 
245 1 3 |a La educación en este momento crucial 
300 |a 172 p 
942 |c BK 
945 |d 19950728 00:00:00  |a mfernand 
260 |a Buenos Aires  |b Desclée de Brouwer  |c 1965 
650 0 |a Filosofía de la educación   |9 258384 
650 7 |a FINES EDUCACIONALES  |2 CL-VaPUC  |9 341857 
650 0 |a Humanismo  |9 256530 
650 0 |a Teoría de la educación   |9 309368 
650 0 |a Estado y educación   |9 311264 
650 0 |a Educación superior   |9 223851 
650 7 |a CRISIS DE CIVILIZACION  |2 CL-VaPUC  |9 337815 
583 |a last modification  |c 19950728 00:00:00  |k Rodrigo Vera 
999 |c 237367  |d 237365 
952 |0 0  |1 0  |4 0  |6 370_100000000000000_MAR_1965  |7 0  |8 P  |9 246359  |a BIBEDU  |b BIBEDU  |c BIBEDU_PB  |d 2019-11-18  |i 1546805  |o 370.1 MAR 1965  |p 1546805  |r 2024-01-25  |w 2019-11-18  |y BK  |k EDU 
952 |0 0  |1 0  |4 0  |6 370_100000000000000_MAR_1965  |7 0  |8 P  |9 246360  |a BIBEDU  |b BIBEDU  |c BIBEDU_PB  |d 2019-11-18  |i 1546813  |o 370.1 MAR 1965  |p 1546813  |r 2024-01-25  |w 2019-11-18  |y BK  |k EDU 
952 |0 0  |1 0  |4 0  |6 370_100000000000000_MAR_1965  |7 0  |8 P  |9 246361  |a BIBEDU  |b BIBEDU  |c BIBEDU_PB  |d 2019-11-18  |i 1546821  |o 370.1 MAR 1965  |p 1546821  |r 2019-11-18  |w 2019-11-18  |y BK  |k EDU 
952 |0 0  |1 0  |4 0  |6 370_100000000000000_MAR_1965  |7 0  |8 P  |9 246362  |a BIBEDU  |b BIBEDU  |c BIBEDU_PB  |d 2019-11-18  |i 154683K  |o 370.1 MAR 1965  |p 154683K  |r 2024-01-25  |w 2019-11-18  |y BK  |k EDU 
952 |0 0  |1 0  |4 0  |6 370_100000000000000_MAR_1965  |7 0  |8 P  |9 246363  |a BIBEDU  |b BIBEDU  |c BIBEDU_PB  |d 2019-11-18  |i 1546848  |o 370.1 MAR 1965  |p 1546848  |r 2024-01-25  |w 2019-11-18  |y BK  |k EDU 
952 |0 0  |1 0  |4 0  |6 370_100000000000000_MAR_1965  |7 0  |8 P  |9 246364  |a BIBEDU  |b BIBEDU  |c BIBEDU_PB  |d 2019-11-18  |i 1546856  |o 370.1 MAR 1965  |p 1546856  |r 2024-01-25  |w 2019-11-18  |y BK  |k EDU 
952 |0 0  |1 0  |4 0  |6 370_100000000000000_MAR_1965  |7 0  |8 P  |9 246365  |a BIBEDU  |b BIBEDU  |c BIBEDU_PB  |d 2019-11-18  |i 1546864  |o 370.1 MAR 1965  |p 1546864  |r 2024-01-25  |w 2019-11-18  |y BK  |k EDU